Psychotherapies and counselling. (Record no. 175913)
[ view plain ]
| 000 -LEADER | |
|---|---|
| fixed length control field | 00450nam a2200181Ia 4500 |
| 003 - CONTROL NUMBER IDENTIFIER | |
| control field | OSt |
| 005 - DATE AND TIME OF LATEST TRANSACTION | |
| control field | 20230606201717.0 |
| 008 - FIXED-LENGTH DATA ELEMENTS--GENERAL INFORMATION | |
| fixed length control field | 210423s2006 xx 000 0 und d |
| 040 ## - CATALOGING SOURCE | |
| Transcribing agency | AL |
| 041 ## - LANGUAGE CODE | |
| Language code of text/sound track or separate title | eng |
| 082 ## - DEWEY DECIMAL CLASSIFICATION NUMBER | |
| Classification number | 158.3 |
| Edition number | 23 |
| Item number | CHUP |
| 100 ## - MAIN ENTRY--PERSONAL NAME | |
| Personal name | CHUNKAPURA (G). |
| 9 (RLIN) | 120311 |
| 245 ## - TITLE STATEMENT | |
| Title | Psychotherapies and counselling. |
| 260 ## - PUBLICATION, DISTRIBUTION, ETC. | |
| Place of publication, distribution, etc. | Kottayam |
| Name of publisher, distributor, etc. | TRADA |
| Date of publication, distribution, etc. | 2006 |
| 365 ## - TRADE PRICE | |
| Price amount | 250 |
| Currency code | INR |
| 906 ## - LOCAL DATA ELEMENT F, LDF (RLIN) | |
| a | counselling. ; Psychotherapies |
| 942 ## - ADDED ENTRY ELEMENTS (KOHA) | |
| Source of classification or shelving scheme | Dewey Decimal Classification |
| Koha item type | Book |
| Withdrawn status | Lost status | Damaged status | Not for loan | Collection code | Home library | Current library | Date acquired | Source of acquisition | Cost, normal purchase price | Total Checkouts | Full call number | Barcode | Date last seen | Price effective from | Koha item type |
|---|---|---|---|---|---|---|---|---|---|---|---|---|---|---|---|
| MSW | St Aloysius PG Library | St Aloysius PG Library | 09/09/2011 | Book World | 250.00 | 158.3 CHUP | PG022613 | 08/24/2022 | 04/26/2021 | Book |